000 00233nam a22001217a 4500
003 SGT
082 _a823
_bAUS
100 _aAUSTEN JANE
245 _aEMMA
260 _aINDIA
_bLEXICON PUB
_c2011
300 _a432
942 _2ddc
_cBK
999 _c33465
_d33465